Chicago Trivia #2 - Statistics

General Stats
  • This quiz has been taken 74 times
  • The average score is 10 of 15
Answer Stats
Question Answer % Correct
What airports service the Chicago metropolitan area? (#1 here) O'Hare International Airport
100%
What historic road begins in Chicago and ends in Santa Monica, California? Route 66
88%
In what city was that building located? New York, New York
86%
What is Chicago's train system known as? The L
86%
What county is Chicago located in? Cook County
80%
#2 to above Midway International Airport
78%
On what street is the Magnificent Mile located? Michigan Avenue
66%
When the Sears Tower became the tallest building in the world in 1973, what building did it overtake? World Trade Center
66%
Where is the above located? Boston, Massachusetts
64%
How many years did the Chicago Cubs go without winning a World Series? 108
59%
Wrigley Field in Chicago is the second-oldest ballpark in the MLB. What is the oldest? Fenway Park
58%
What is the second tallest building in Chicago (after the Sears Tower)? Trump International Hotel and Tower
53%
When Chicago became the second-largest city (now it's the third) in the country, what city did it overtake? Philadelphia, Pennsylvania
50%
Who was the founder and first permanent resident of Chicago? Jean Baptiste Point du Sable
17%
Chicago's motto is "Urbs in Horto," which means what in English? City in a Garden
9%
No matching quizzes found
Score Distribution
Percent of People with Each Score
Percentile by Number Answered
Your Score History
You have not taken this quiz